000 02156cam a2200169 4500500
005 20251228100216.0
041 _afre
042 _adc
100 1 0 _aLenhof, Jean-Louis
_eauthor
245 0 0 _aSaffroy Frédéric, Le Bouclier de Neptune : la politique de défense des bases françaises en Méditerranée (1912-1931), préf. du contre-amiral Loïc Finaz, Rennes, Presses universitaires de Rennes, « Histoire », 2015, 391 p., 24 €
260 _c2016.
500 _a88
520 _aLe principe d’honneur en République est un ressort important qui permet de souder et d’incorporer les individus et les communautés à la nation. Il sert aussi à en exclure les indignes. Pour étudier la force réelle et l’usage de l’honneur en République, nous suivons le parcours d’errance bien singulière de Pierre Bournel (1881-1916), petit-fils de bagnard corrézien, condamné pour vol avec violence à l’âge de vingt ans à Tours, et relégué en Algérie dans les bataillons des exclus de l’armée après avoir purgé sa peine civile. Jamais réellement formé à se battre, il se sacrifie héroïquement en tombant au combat en 1916.
520 _aPierre Bournel and “Death for France”The principle of honour in the Republic is an important mechanism to build cohesive communities and to integrate individuals into a national identity. It may also serve to exclude those deemed unworthy. To study the real power and the use of honour in the Republic, we follow the very meandering path taken by Pierre Bournel (1881-1916), the grandson of a convict from the Corrèze region, condemned for violent robbery at the age of twenty in Tours, and ultimately sent to Algeria in the “bataillons d’exclus” (the battalions of the outcasts of the French army) after serving his civil sentence. Having never been trained in combat, he would heroically sacrifice himself during the First World War in 1916.
786 0 _nVingtième Siècle. Revue d'histoire | 131 | 3 | 2016-06-07 | p. XXIX-XXIX | 0294-1759
856 4 1 _uhttps://shs.cairn.info/revue-vingtieme-siecle-revue-d-histoire-2016-3-page-XXIX?lang=fr&redirect-ssocas=7080
999 _c1606326
_d1606326